00535nam a22001937a 45000010008000000030006000080050017000140080041000310100017000720200031000890400018001200500017001380820015001551000022001702450060001922600051002523000020003034400018003232316994GBCCL20241126110451.0820122|1981 ||| 000 0 eng  a 81082021  a0882438859 (pbk.) :c$2.50 aDLCcDLCdDLC00aMLCS 82/3568 a254.5bHAM1 aHamilton, Michael10aGod's plan for the church--growth! /cMichael Hamilton. aSpringfield, Mo. :bGospel Pub. House,cc1981. a125 p. ; 19 cm. aRadiant books